| 000 | 01395naa a22003017a 4500 | ||
|---|---|---|---|
| 001 | BR8300930 | ||
| 003 | BR-BrBNA | ||
| 005 | 20250721143221.0 | ||
| 007 | ta | ||
| 008 | 250630b bl.|||m| |||| 00| 0 por d | ||
| 040 |
_aBR-BrBNA _bpor _cBiblioteca Nacional de Agricultura |
||
| 041 | _a(Pt) | ||
| 072 |
_aH10 _b4050 |
||
| 090 | _aH10 BR8300930 | ||
| 100 | 1 | _aCarneiro, R.G. | |
| 100 | 1 | _aCarneiro, R.M.D.G. | |
| 111 | 1 |
_a6. Reuniao Brasileira de Nematologia _cFortaleza, CE (Brazil) _d8 Feb 1982 |
|
| 245 | 1 | _aSelecao preliminar de plantas para rotacao de culturas em areas infestadas por Meloidogyne incognita nos anos de 1979 e 1980 [nematoide] | |
| 246 | 1 | _a[Preliminary selection of plants for crop rotation in areas infested by Meloidogyne incognita in the years 1979 and 1980 [nematode]] | |
| 246 | 1 | _a[Works submitted to the 6. Brazilian Meeting of Nematology] | |
| 500 | _aTrabalhos apresentados a 6. Reuniao Brasileira de Nematologia Piracicaba, SP (Brasil): 1982. p. 141-148 [Summaries (En, Pt)] (BR8300930-AMS) | ||
| 773 | 0 |
_tTrabalhos apresentados a 6. Reuniao Brasileira de Nematologia _wH10 BR8300930 _gPiracicaba, SP (Brasil), 1982. p. 141-148 |
|
| 650 | _aNEMATOIDE | ||
| 650 | _aROTACAO DE CULTURA | ||
| 490 |
_aPublicacao - Sociedade Brasileira de Nematologia (Brazil) _vno. 6 _xISSN 0101-7020 |
||
| 942 |
_cAMS _2AGRIS |
||
| 909 |
_a202506 _bLúcia _c55 _dLúcia Elande |
||
| 999 |
_c334443 _d334443 |
||